000 00617nam a2200253Ia 4500
003 OSt
005 20221006142500.0
006 a|||||r|||| 00| 0
007 ta
008 221006b |||||||| |||| 00| 0 eng d
020 _c7.50
024 _a6,448
037 _cTextual
040 _aEASL
_cEASL
_beng
041 _2eng
_aeng
082 _aY.41.N4, H4
245 0 _aChina after seven years of war
260 _aChina
_bChinese Ministry of Information
_c1944
300 _a157p.
_ccm.
490 _v CEL
650 _aCEL
942 _hY.41.N4, H4
_cTEXL
_2CC
999 _c1074534
_d1074534